Formidable - Twenty One Pilots Lyrics - Statistics

General Stats
  • This quiz has been taken 6 times
  • The average score is 47 of 239
Answer Stats
Lyrics % Correct
formidable
100%
Verse 1 And
67%
are
67%
for
67%
formidable
67%
I
67%
I
67%
I
67%
I
67%
I
67%
I
67%
I
67%
me
67%
to
67%
Chorus You
67%
all,
33%
And
33%
are
33%
be
33%
been?
33%
believe
33%
break
33%
But
33%
But
33%
But
33%
But
33%
can
33%
can't
33%
'Cause
33%
'Cause
33%
clinical,
33%
could
33%
cynical
33%
die
33%
don't
33%
ever
33%
everywhere
33%
follow
33%
follow
33%
formidable
33%
go
33%
go
33%
heart
33%
I
33%
I
33%
I
33%
I
33%
I
33%
I
33%
I
33%
I
33%
if
33%
I'll
33%
I'll
33%
I'm
33%
it,
33%
it
33%
it,
33%
just
33%
Just
33%
just
33%
know
33%
know
33%
know
33%
know
33%
know
33%
know
33%
let
33%
me
33%
me
33%
me
33%
met
33%
might
33%
might
33%
no
33%
see
33%
seem
33%
seem
33%
should
33%
should
33%
surprises,
33%
take
33%
tell
33%
that
33%
that
33%
to
33%
to
33%
to
33%
towards
33%
wanna
33%
wanna
33%
wanna
33%
we
33%
where
33%
where
33%
with
33%
won't
33%
Yeah,
33%
yeah,
33%
yeah,
33%
Yeah,
33%
yeah,
33%
yeah,
33%
(yeah)
33%
yeah
33%
Yeah,
33%
yeah,
33%
yeah,
33%
you
33%
you
33%
you
33%
you
33%
you
33%
you
33%
you
33%
you
33%
Chorus You
33%
you
33%
you
33%
you
33%
you
33%
you
33%
your
33%
you've
33%
13
0%
afraid
0%
all,
0%
are
0%
at
0%
been?
0%
bore
0%
break
0%
but
0%
but
0%
But
0%
can
0%
can
0%
can
0%
can
0%
can
0%
'Cause
0%
cynical
0%
die
0%
die
0%
die
0%
Don't
0%
ever
0%
everywhere
0%
Verse 2 Fast-froward
0%
first
0%
follow
0%
go
0%
I'll
0%
I'm
0%
I'm
0%
in
0%
it
0%
it
0%
it
0%
it,
0%
Just
0%
just
0%
just
0%
Just
0%
know
0%
know
0%
know
0%
know
0%
know
0%
know
0%
left,
0%
let
0%
let
0%
loyalty
0%
me
0%
me
0%
me
0%
might
0%
more
0%
my
0%
my
0%
no
0%
now
0%
now,
0%
of
0%
out
0%
played
0%
reverse
0%
see
0%
seem
0%
should
0%
somehow
0%
spell
0%
surprises
0%
take
0%
than
0%
to
0%
to
0%
towards
0%
wanna
0%
wanna
0%
was,
0%
was
0%
we
0%
we've
0%
what
0%
where
0%
will
0%
with
0%
with
0%
with
0%
worried
0%
Yeah,
0%
yeah,
0%
yeah,
0%
Yeah,
0%
yeah,
0%
yeah,
0%
Yeah,
0%
yeah,
0%
yeah,
0%
Yeah,
0%
yeah,
0%
yeah,
0%
years
0%
you
0%
you
0%
you
0%
you
0%
you
0%
Chorus You
0%
you
0%
you
0%
you
0%
you
0%
you
0%
you
0%
you
0%
you
0%
No matching quizzes found
Score Distribution
Percent of People with Each Score
Percentile by Number Answered
Your Score History
You have not taken this quiz